| 000 | 00432nam a22001457a 4500 | ||
|---|---|---|---|
| 005 | 20140128125957.0 | ||
| 008 | 140128b xxu||||| |||| 00| 0 eng d | ||
| 050 |
_aLC368. _bC554 1990 |
||
| 100 |
_aFrancis, Leslie _97137 |
||
| 245 |
_aChristian perspectives for eductaion _cFrancis, Leslie |
||
| 260 |
_aLeominister _bGracewing _c1990 |
||
| 300 |
_axii, 394p.; _c24cm. |
||
| 700 |
_aFrancis, Leslie _97138 |
||
| 942 |
_2lcc _cMONOGRAPH |
||
| 999 |
_c119722 _d119722 |
||